Vista normal Vista MARC

Entrada Personal Name

Número de registros utilizados en: 1

001 - CONTROL NUMBER

  • control field: 8112

003 - CONTROL NUMBER IDENTIFIER

  • control field: OSt

005 - DATE AND TIME OF LATEST TRANSACTION

  • control field: 20210920180056.0

008 - FIXED-LENGTH DATA ELEMENTS

  • fixed length control field: 860211i| anannbabn |a ana

040 ## - CATALOGING SOURCE

  • Original cataloging agency: Co-BoUCM
  • Language of cataloging: spa

100 ## - HEADING--PERSONAL NAME

  • Personal name: Teresa de Jesús,
  • Titles and other words associated with a name: Santa,
  • Dates associated with a name: 1515-1582

400 ## - SEE FROM TRACING--PERSONAL NAME

  • Personal name: Santa Teresa de Ávila

400 ## - SEE FROM TRACING--PERSONAL NAME

  • Personal name: Teresa de Cepeda y Ahumada

670 ## - SOURCE DATA FOUND

  • Source citation: Religiosa, doctora de la Iglesia Católica, mística y escritora española, fundadora de las carmelitas descalzas, rama de la Orden de Nuestra Señora del Monte Carmelo (o carmelitas).